000 007510000a22001930004500
005 20240503102000.0
008 230817t ||||| |||| 00| 0 eng d
082 _a305.42
_bWOM
110 _aWomen Caucus for Gender Justice
245 _aLes crimes commis a l'egard des femmes sont des crimes contre l'humanité=Los crimenes contra la mujer son crimenes de lesa humanidad=Crimes against women are crimes against humanity
260 _aNew York:
_bWomen Caucus for Gender Justice,
_c[1999]
300 _a66 p.
650 _aVIOLENCE AGAINST WOMEN
650 _aGender based violence
700 _aNainar, Vahida
_eed.
700 _aSpees, Pam
_eed.
856 _uhttp://iccwomen.org/wigjdraft1/Archives/oldWCGJ/resources/cahreport.html
942 _cRP
999 _c117
_d117